[Event "Novokuznetsk op"]
[Site "Novokuznetsk"]
[Date "2008.12.06"]
[Round "6"]
[White "Korolkov, Vladimir A"]
[Black "Rastvortsev, Yury"]
[Result "1/2-1/2"]
[WhiteElo "1888"]
[BlackElo "1947"]
[PlyCount "120"]
[EventDate "2008.11.22"]
[EventType "swiss"]
[EventRounds "9"]
[EventCountry "RUS"]
[SourceTitle "CBM 127 Extra"]
[Source "ChessBase"]
[SourceDate "2009.01.08"]
[SourceVersion "2"]
[SourceVersionDate "2009.01.28"]
[SourceQuality "1"]

1. Nf3 f5 2. c4 Nf6 3. Nc3 d6 4. d4 e6 5. g3 Be7 6. Bg2 0-0 7. 0-0 Qe8 8. Re1 Bd8 9. e4 fxe4 10. Nxe4 Qg6 11. Neg5 Nc6 12. d5 exd5 13. cxd5 Ne7 14. Nh4 Qe8 15. Ne6 Bxe6 16. dxe6 d5 17. Qb3 c6 18. Be3 b6 19. Qa4 Qh5 20. Bf3 Qe8 21. Bf4 h6 22. Bd6 g5 23. Bxe7 Bxe7 24. Nf5 h5 25. Nh6+ Kg7 26. Nf7 g4 27. Qf4 Rxf7 28. exf7 Qxf7 29. Qg5+ Kh7 30. Bg2 Rf8 31. Qf5+ Kg7 32. Qe6 Bc5 33. Qxf7+ Rxf7 34. Re2 Nh7 35. h4 gxh3 36. Bxh3 Ng5 37. Bg2 Nf3+ 38. Bxf3 Rxf3 39. Kg2 Rf6 40. Rc1 a5 41. a3 Bd4 42. f4 b5 43. b4 axb4 44. axb4 Kg6 45. Kf3 Bb6 46. Rec2 c5 47. bxc5 Bc7 48. Rd1 h4 49. Rxd5 hxg3 50. f5+ Rxf5+ 51. Rxf5 Kxf5 52. Rb2 Ke5 53. Rxb5 Kd5 54. Rb7 Kc6 55. Ra7 Bb8 56. Ra8 Bc7 57. Rc8 Kd7 58. Rg8 Kc6 59. Rg5 Bd8 60. Rxg3 Kxc5 1/2-1/2